[Event "74th Tata Steel GMB"]
[Site "Wijk aan Zee NED"]
[Date "2012.01.14"]
[Round "1"]
[White "Bruzon Batista,L"]
[Black "Harikrishna,P"]
[Result "0-1"]
[WhiteElo "2691"]
[BlackElo "2665"]
[EventDate "2012.01.14"]

1. e4 e5 2. Nf3 Nc6 3. Bb5 Nf6 4. O-O Nxe4 5. d4 Nd6 6. Bxc6 dxc6 7. dxe5
Nf5 8. Qxd8+ Kxd8 9. Nc3 Bd7 10. h3 b6 11. b3 Kc8 12. Bb2 h5 13. Ng5 Be8
14. Rad1 Be7 15. Nge4 Kb7 16. Rd3 Rd8 17. Rfd1 Rxd3 18. Rxd3 h4 19. f3 a5
20. Kf2 Kc8 21. Bc1 Bd7 22. Bg5 Bb4 23. Bc1 Re8 24. f4 Be7 25. Bb2 Be6 26.
a4 Rh8 27. Ne2 Rf8 28. c4 Bb4 29. Bc3 Ba3 30. Kf3 c5 31. Ng5 Bd7 32. Kf2
Bc6 33. Rd2 f6 34. Nf3 Kb7 35. exf6 gxf6 36. Rd1 Bb4 37. Bxb4 axb4 38. Rd3
Rg8 39. Ne1 Kc8 40. g4 hxg3+ 41. Nxg3 Nd4 42. Ne2 Be4 43. Re3 Bf5 44. h4
Rh8 45. Ng2 Bc2 46. Nc1 Nf5 47. Rh3 Be4 48. h5 Ng7 49. h6 Nf5 50. Ne3 Rxh6
51. Rxh6 Nxh6 52. Ke1 Nf7 53. Ne2 Nd8 54. Kd2 Nc6 55. Ng4 f5 56. Ne3 Na5
57. Nc1 Kb7 58. Nd1 c6 59. Nf2 Bb1 60. Nfd3 Ka6 61. Ne5 b5 62. axb5+ cxb5
63. cxb5+ Kxb5 64. Kd1 Be4 65. Nf7 Kc6 66. Kd2 Kd5 67. Ng5 Bb1 68. Kd1 Nc6
69. Ne2 Bd3 70. Nc1 Bb5 71. Kd2 Nd4 72. Ke3 Be8 73. Kd2 Bh5 74. Nh7 Bf7 75.
Ng5 Bg8 76. Ke3 Kd6 77. Nf3 Nxb3 78. Ne2 Be6 79. Ng3 Kd5 0-1

[Event "74th Tata Steel GMB"]
[Site "Wijk aan Zee NED"]
[Date "2012.01.14"]
[Round "1"]
[White "Lahno,Kateri"]
[Black "Ernst,S"]
[Result "1-0"]
[WhiteElo "2557"]
[BlackElo "2606"]
[EventDate "2012.01.14"]

1. e4 e5 2. Nf3 Nc6 3. Bb5 a6 4. Ba4 Nf6 5. O-O Be7 6. Re1 b5 7. Bb3 d6 8.
c3 O-O 9. h3 Na5 10. Bc2 c5 11. d4 Qc7 12. Nbd2 Be6 13. d5 Bd7 14. b3 c4
15. b4 Nb7 16. Nf1 a5 17. a3 Ra6 18. N3h2 Rfa8 19. g4 Ne8 20. Ng3 g6 21.
Kh1 Ng7 22. Rg1 Kh8 23. Qf3 f6 24. Bh6 Rg8 25. h4 Nd8 26. g5 fxg5 27. hxg5
Rf8 28. Nf5 gxf5 29. exf5 Bxf5 30. Bxf5 Nf7 31. Bxg7+ Kxg7 32. Qh5 Rh8 33.
Be6 Bd8 34. g6 Ng5 35. gxh7 1-0

[Event "74th Tata Steel GMB"]
[Site "Wijk aan Zee NED"]
[Date "2012.01.14"]
[Round "1"]
[White "Harika,D"]
[Black "Vocaturo,D"]
[Result "1/2-1/2"]
[WhiteElo "2516"]
[BlackElo "2545"]
[EventDate "2012.01.14"]

1. d4 Nf6 2. c4 e6 3. Nc3 Bb4 4. Qc2 Nc6 5. Nf3 d6 6. Bd2 O-O 7. a3 Bxc3 8.
Bxc3 Re8 9. e3 a5 10. Bd3 e5 11. d5 Nb8 12. Nd2 Nbd7 13. O-O Nc5 14. b4
Nxd3 15. Qxd3 b6 16. h3 Nh5 17. bxa5 bxa5 18. g4 Nf6 19. f4 Nd7 20. Ne4 Qe7
21. Rae1 Ba6 22. f5 Nf6 23. Rb1 Qd7 24. Nxf6+ gxf6 25. Rfc1 Qa4 26. Be1
Rab8 27. Rxb8 Rxb8 28. Qc3 Rb3 29. Qxa5 Qxa3 30. Qxa3 Rxa3 31. Bf2 Ra4 32.
c5 Bc4 33. cxd6 cxd6 34. Be1 Kg7 35. Rb1 Ra6 36. Rd1 Bb3 37. Rd2 Ra1 38.
Kf2 Rc1 39. Rd3 Bc4 1/2-1/2

[Event "74th Tata Steel GMB"]
[Site "Wijk aan Zee NED"]
[Date "2012.01.14"]
[Round "1"]
[White "Cmilyte,V"]
[Black "Nyzhnyk,I"]
[Result "0-1"]
[WhiteElo "2503"]
[BlackElo "2568"]
[EventDate "2012.01.14"]

1. d4 Nf6 2. c4 g6 3. g3 Bg7 4. Bg2 O-O 5. Nf3 d6 6. O-O c6 7. Nc3 Bf5 8.
Ne1 Be6 9. d5 cxd5 10. cxd5 Bd7 11. Be3 Na6 12. Bd4 Qa5 13. Nc2 Rfc8 14.
Ne3 Nc7 15. Re1 Nb5 16. Nxb5 Qxb5 17. Qd2 Qa4 18. Red1 Rc7 19. b3 Qa6 20.
a4 Rac8 21. Qb2 Ng4 22. Nc4 Bxd4 23. Qxd4 f6 24. Bf1 Ne5 25. Na3 Rc3 26.
Rdb1 Qb6 27. Qxb6 axb6 28. f4 Ng4 29. Bh3 h5 30. Nc4 Bf5 31. Bxg4 hxg4 32.
Rb2 b5 33. axb5 Rc5 34. Nd2 Bd7 35. Kf2 Rxd5 36. Ra8+ Kf7 37. Nb1 Rc1 38.
Rb8 Rxb5 39. Na3 Rh5 40. Rxb7 Rxh2+ 41. Ke3 Bc8 42. Ra7 f5 43. Nc4 Kf6 44.
Kd2 Rg1 45. Ne3 Be6 46. b4 Rxg3 47. b5 Rgh3 48. Rc2 Rh8 49. b6 Rb8 50. b7
g3 51. Rc7 Rhh8 52. Ra1 Rhd8 53. Ra7 Rd7 54. Nd5+ Bxd5 55. Rxd7 g2 56. Ra1
Bxb7 57. Ke3 Bd5 58. Rc7 Rb4 59. Rcc1 e5 60. fxe5+ dxe5 61. Rc5 Rf4 62. Rg1
Be4 63. Ra5 Kg5 64. Ra6 Rf1 0-1

[Event "74th Tata Steel GMB"]
[Site "Wijk aan Zee NED"]
[Date "2012.01.14"]
[Round "1"]
[White "L'Ami,E"]
[Black "Tiviakov,S"]
[Result "1-0"]
[WhiteElo "2596"]
[BlackElo "2677"]
[EventDate "2012.01.14"]

1. d4 Nf6 2. c4 e6 3. Nf3 b6 4. g3 Bb7 5. Bg2 Be7 6. O-O O-O 7. Nc3 Ne4 8.
Bd2 f5 9. Ne5 Nxc3 10. Bxc3 Bxg2 11. Kxg2 Bf6 12. Qd3 d5 13. Rfd1 Qd6 14.
Qf3 c6 15. Rac1 Nd7 16. Bb4 Nxe5 17. Bxd6 Nxf3 18. Bxf8 Nxd4 19. e3 Ne2 20.
Rc2 Kxf8 21. Rxe2 Ke7 22. Rc2 Kd6 23. b4 a5 24. cxd5 exd5 25. Rdc1 Rc8 26.
bxa5 bxa5 27. Rb1 d4 28. Kf3 dxe3 29. Kxe3 Re8+ 30. Kf4 Bd4 31. Kxf5 Bxf2
32. Rd1+ Kc7 33. Rdd2 Bb6 34. Re2 Rf8+ 35. Kg4 Bd4 36. Re6 c5 37. Ra6 Kb7
38. Rxa5 Kc6 39. a4 Kd5 40. Ra7 Ke4 41. a5 Rc8 42. a6 c4 43. Rd7 c3 44. a7
Ra8 45. Ra2 Ke3 46. Ra3 h6 47. Ra2 Bf6 48. Kf5 Bd4 49. Ke6 Bf6 50. Kf5 Bd4
51. g4 Bf6 52. h3 Bd4 53. h4 Bf6 54. g5 hxg5 55. hxg5 Bd4 56. Kg6 Be5 57.
Re7 1-0

[Event "74th Tata Steel GMB"]
[Site "Wijk aan Zee NED"]
[Date "2012.01.14"]
[Round "1"]
[White "Timman,J"]
[Black "Potkin,V"]
[Result "1/2-1/2"]
[WhiteElo "2571"]
[BlackElo "2684"]
[EventDate "2012.01.14"]

1. e4 e6 2. d4 d5 3. Nd2 c5 4. Ngf3 cxd4 5. Nxd4 Nc6 6. Bb5 Bd7 7. Nxc6
bxc6 8. Bd3 Bd6 9. b3 Ne7 10. O-O Ng6 11. Nf3 O-O 12. Re1 a5 13. c4 Bb4 14.
Bd2 dxc4 15. Bxc4 c5 16. Bxb4 axb4 17. Qd6 Qe7 18. Qxe7 Nxe7 19. Ne5 Bc6
20. f3 Rfc8 21. Rec1 Ng6 22. Nd3 Bd7 23. Kf2 Kf8 24. Ke3 Ke7 25. f4 Nf8 26.
Rc2 Ra5 27. Nf2 Bb5 28. Bxb5 Rxb5 29. a4 bxa3 30. Rxa3 1/2-1/2

[Event "74th Tata Steel GMB"]
[Site "Wijk aan Zee NED"]
[Date "2012.01.15"]
[Round "2"]
[White "Ernst,S"]
[Black "Harika,D"]
[Result "1/2-1/2"]
[WhiteElo "2606"]
[BlackElo "2516"]
[EventDate "2012.01.14"]

1. d4 Nf6 2. Bg5 e6 3. e3 h6 4. Bh4 d6 5. Nf3 Nbd7 6. c4 g5 7. Bg3 Nh5 8.
Nc3 Bg7 9. Be2 Qe7 10. c5 Nxg3 11. cxd6 cxd6 12. hxg3 a6 13. Qb3 b6 14. Rc1
Bb7 15. O-O O-O 16. Qb4 Rfc8 17. Bd3 Kf8 18. Rc2 b5 19. Qa5 Qd8 20. Qa3 Kg8
21. Rfc1 Bf8 22. d5 Nc5 23. Be2 exd5 24. Nd4 Ne4 25. Bg4 Rc4 26. Nce2 Bc8
27. Bxc8 Raxc8 28. Rxc4 bxc4 29. Qxa6 Nc5 30. Qb5 Rb8 31. Qc6 Nd3 32. Rf1
Qa5 33. Nc3 Qc5 34. Qd7 Bg7 35. Nc6 Ne5 36. Nxe5 Bxe5 37. Rd1 Qc8 38. Qxc8+
Rxc8 39. Nxd5 Rb8 40. b3 cxb3 41. axb3 Rxb3 42. f4 Bg7 43. Kf2 Rb7 44. e4
Kh7 45. Ne3 Rb4 46. Kf3 h5 47. Rh1 g4+ 48. Nxg4 Rb3+ 49. Ke2 Rb2+ 50. Kd3
Rb3+ 51. Kc4 Rc3+ 52. Kb4 Rxg3 53. Rxh5+ Kg8 54. Rg5 Kf8 55. Nf6 Re3 56.
Nd7+ Ke7 57. Rxg7 Rxe4+ 58. Kc3 Kxd7 59. Rxf7+ Ke6 60. Kd3 Ra4 61. Rf8 Kd5
62. g4 Ra3+ 63. Ke2 Ke4 64. g5 Ra2+ 65. Kf1 Kf3 66. Ke1 Ke3 67. Kd1 Rg2 68.
Rf6 d5 69. g6 d4 70. f5 Rg1+ 71. Kc2 d3+ 72. Kc3 d2 73. Rd6 Ke4 74. f6 Rxg6
75. Kxd2 Ke5 76. Rb6 Rxf6 77. Rxf6 Kxf6 1/2-1/2

[Event "74th Tata Steel GMB"]
[Site "Wijk aan Zee NED"]
[Date "2012.01.15"]
[Round "2"]
[White "Tiviakov,S"]
[Black "Timman,J"]
[Result "1-0"]
[WhiteElo "2677"]
[BlackElo "2571"]
[EventDate "2012.01.14"]

1. e4 c6 2. d4 d5 3. Nd2 dxe4 4. Nxe4 Bf5 5. Ng3 Bg6 6. Nh3 Nf6 7. Bc4 e6
8. Nf4 Nd5 9. Nxg6 hxg6 10. c3 Nd7 11. Bd2 Qc7 12. Qf3 N7f6 13. O-O-O O-O-O
14. Bg5 Be7 15. h4 Nh7 16. Bd2 Nhf6 17. Kb1 c5 18. Bg5 cxd4 19. Rxd4 Nb6
20. Rxd8+ Bxd8 21. Bb3 Nfd5 22. Ne4 f6 23. Bc1 g5 24. g3 gxh4 25. gxh4 Qc6
26. Qg3 g5 27. f3 Bc7 28. Qe1 gxh4 29. Rxh4 Rd8 30. c4 Ne7 31. Nxf6 Nf5 32.
c5 Nd5 33. Nxd5 exd5 34. Rg4 Re8 35. Qg1 Qe6 36. Re4 Qg8 37. Qxg8 Rxg8 38.
Bxd5 1-0

[Event "74th Tata Steel GMB"]
[Site "Wijk aan Zee NED"]
[Date "2012.01.15"]
[Round "2"]
[White "Harikrishna,P"]
[Black "Lahno,Kateri"]
[Result "1-0"]
[WhiteElo "2665"]
[BlackElo "2557"]
[EventDate "2012.01.14"]

1. e4 c5 2. Nf3 d6 3. d4 cxd4 4. Nxd4 Nf6 5. Nc3 a6 6. Be2 e6 7. O-O Be7 8.
a4 Qc7 9. a5 Nbd7 10. Be3 O-O 11. Nb3 Nc5 12. Nxc5 dxc5 13. f4 Rd8 14. Qe1
Bd7 15. Qf2 Bc6 16. Bf3 b6 17. axb6 Qxb6 18. b3 Qb4 19. Qe1 Qb7 20. e5 Nd5
21. Nxd5 Bxd5 22. Bxd5 exd5 23. Bd2 f5 24. Qe2 Qb5 25. Rfe1 c4 26. bxc4
Qxc4 27. Qxc4 dxc4 28. Bc3 Bc5+ 29. Kf1 Bd4 30. Bxd4 Rxd4 31. g3 a5 32. Ra4
Kf7 33. Rb1 g5 34. fxg5 Ke6 35. Rb7 Rd2 36. Rxc4 a4 37. Rcc7 Kxe5 38. Re7+
Kd4 39. Rxh7 Rxc2 40. Ra7 Rb8 41. Rxa4+ Ke3 42. Re7+ Kd3 43. Ra3+ Kd4 44.
Re2 Rb1+ 45. Kf2 Rh1 46. Rxc2 Rxh2+ 47. Kf3 Rxc2 48. Ra5 1-0

[Event "74th Tata Steel GMB"]
[Site "Wijk aan Zee NED"]
[Date "2012.01.15"]
[Round "2"]
[White "Nyzhnyk,I"]
[Black "L'Ami,E"]
[Result "1/2-1/2"]
[WhiteElo "2568"]
[BlackElo "2596"]
[EventDate "2012.01.14"]

1. d4 Nf6 2. c4 g6 3. Nf3 Bg7 4. g3 d5 5. cxd5 Nxd5 6. Bg2 Nb6 7. Nc3 Nc6
8. e3 O-O 9. O-O Re8 10. Re1 a5 11. Qe2 Be6 12. Nd2 Nb4 13. Rd1 Qc8 14. a3
Na6 15. Rb1 c6 16. b4 axb4 17. axb4 Nc7 18. Nb3 Nbd5 19. Nxd5 cxd5 20. Bb2
Bg4 21. f3 Bd7 22. Rdc1 b6 23. Bf1 Ba4 24. Nd2 Qd7 25. Ra1 Qd6 26. Nb1 Bb5
27. Qc2 Bxf1 28. Qxc7 Qxc7 29. Rxc7 Rxa1 30. Bxa1 Ra8 31. Bb2 Ra2 32. Kxf1
Rxb2 33. Nc3 e6 34. b5 Bf8 35. e4 dxe4 36. Nxe4 Rxb5 37. Nf6+ Kg7 38. Ne8+
Kg8 1/2-1/2

[Event "74th Tata Steel GMB"]
[Site "Wijk aan Zee NED"]
[Date "2012.01.17"]
[Round "4"]
[White "Bruzon Batista,L"]
[Black "Lahno,Kateri"]
[Result "1/2-1/2"]
[WhiteElo "2691"]
[BlackElo "2557"]
[EventDate "2012.01.14"]

1. e4 c5 2. Ne2 Nf6 3. Nbc3 d5 4. exd5 Nxd5 5. Nxd5 Qxd5 6. d4 e5 7. Nc3
Qxd4 8. Be3 Qxd1+ 9. Rxd1 Be6 10. Ne4 Nd7 11. Ng5 Bf5 12. Bc4 f6 13. Ne6
Bxe6 14. Bxe6 O-O-O 15. Ke2 Kc7 16. g4 Be7 17. h4 Nb6 18. b3 Rxd1 19. Rxd1
h6 20. h5 Bd6 21. Kf3 Re8 22. Bf5 Nc8 23. Ke4 Ne7 24. c3 Nc6 25. Bg6 Re7
26. f3 Nd4 27. Bd2 Ne6 28. Bf5 Nf4 29. Be3 Kc6 30. Bf2 Bc7 31. Be3 Ba5 32.
Bd2 c4 33. bxc4 Kc5 34. Bh7 Kxc4 35. Bg8+ Kc5 36. Bc1 Bxc3 37. Be3+ Kb5 38.
Rb1+ Ka5 39. Bxa7 b5 40. Be3 Rd7 41. Bb3 Ne2 42. Bf2 Nd4 43. Rd1 Rc7 44.
Bd5 b4 45. Be3 Ka4 46. f4 Re7 47. Kd3 Rd7 48. Ke4 Re7 49. Kd3 Rd7 1/2-1/2

[Event "74th Tata Steel GMB"]
[Site "Wijk aan Zee NED"]
[Date "2012.01.17"]
[Round "4"]
[White "Reinderman,D"]
[Black "Harika,D"]
[Result "1/2-1/2"]
[WhiteElo "2581"]
[BlackElo "2516"]
[EventDate "2012.01.14"]

1. c4 Nf6 2. Nc3 d5 3. cxd5 Nxd5 4. g3 g6 5. Bg2 Nb6 6. d3 Bg7 7. Be3 Nc6
8. Qd2 Nd4 9. Rc1 Nf5 10. Bc5 O-O 11. Nf3 c6 12. e3 Re8 13. d4 Nd7 14. Ba3
e5 15. dxe5 Nxe5 16. Qxd8 Nxf3+ 17. Bxf3 Rxd8 18. Ne4 Be6 19. Nc5 Bxa2 20.
Nxb7 Bd5 21. Bxd5 Rxd5 22. Nc5 Nd6 23. Na6 Nb5 24. Nb4 Rd6 25. Nxc6 Nxa3
26. bxa3 Bb2 27. Rc2 Bxa3 28. Ke2 Rd7 29. Ra1 Bf8 30. Ra6 Rb7 31. Kd3 Rd7+
32. Ke2 Rb7 33. g4 Kg7 34. g5 h6 35. h4 hxg5 36. hxg5 Be7 37. Nxe7 Rxe7 38.
Rca2 Re5 39. f4 Re4 40. R2a3 Rae8 41. Kf2 R8e7 42. Kf3 Kh7 43. R6a4 Rxa4
44. Rxa4 Kg7 45. e4 Rb7 46. Kg4 Rc7 47. f5 gxf5+ 48. exf5 Rc1 49. Rxa7 Rg1+
50. Kf4 Rf1+ 51. Ke4 Re1+ 52. Kd3 Re5 53. g6 Rxf5 54. Rxf7+ Rxf7 55. gxf7
Kxf7 1/2-1/2

[Event "74th Tata Steel GMB"]
[Site "Wijk aan Zee NED"]
[Date "2012.01.17"]
[Round "4"]
[White "Vocaturo,D"]
[Black "Timman,J"]
[Result "1/2-1/2"]
[WhiteElo "2545"]
[BlackElo "2571"]
[EventDate "2012.01.14"]

1. e4 e6 2. d4 d5 3. Nc3 Nf6 4. e5 Nfd7 5. f4 c5 6. Nf3 Nc6 7. Be3 cxd4 8.
Nxd4 Bc5 9. Qd2 Nxd4 10. Bxd4 Bxd4 11. Qxd4 Qb6 12. Nb5 Qxd4 13. Nxd4 Ke7
14. O-O-O Nc5 15. Bd3 Bd7 16. h4 h5 17. Rh3 Rac8 18. Rg3 g6 19. Re3 Rc7 20.
c3 Na4 21. Bc2 Nb6 22. b3 a6 23. Kb2 Nc8 24. Bd3 Na7 25. Be2 Nc6 26. Nc2
Na7 27. g3 Bb5 28. Bf3 Bc6 29. Rd2 Bd7 30. Be2 Bb5 31. Bd1 Rcc8 32. a4 Bd7
33. Bf3 Rc7 34. Red3 a5 35. Ne3 b5 36. axb5 Bxb5 37. c4 dxc4 38. bxc4 Bc6
39. Bd1 Rb8+ 40. Ka3 Be8 41. Rb3 Rxb3+ 42. Bxb3 Nc8 43. Nd1 Nb6 1/2-1/2

[Event "74th Tata Steel GMB"]
[Site "Wijk aan Zee NED"]
[Date "2012.01.17"]
[Round "4"]
[White "Ernst,S"]
[Black "L'Ami,E"]
[Result "1-0"]
[WhiteElo "2606"]
[BlackElo "2596"]
[EventDate "2012.01.14"]

1. d4 e6 2. Nf3 Nf6 3. g3 b6 4. Bg2 Bb7 5. O-O c5 6. c4 cxd4 7. Qxd4 Nc6 8.
Qf4 Ne7 9. b3 Ng6 10. Qd2 Bc5 11. Nc3 O-O 12. Bb2 Qe7 13. a3 a5 14. Na4 Bc6
15. Ng5 Bxa4 16. Bxa8 Bxb3 17. Bf3 Bxc4 18. Bxf6 gxf6 19. Ne4 d5 20. Nxc5
Qxc5 21. Rfd1 f5 22. h4 f6 23. Bh5 Kg7 24. Kg2 a4 25. Rac1 b5 26. Rc3 Rd8
27. Qb2 d4 28. Rcc1 e5 29. Kh2 e4 30. f4 Ne7 31. g4 Qc7 32. e3 dxe3 33. g5
Rf8 34. Kg3 Qc6 35. Qd4 Rc8 36. Qa7 Rc7 37. gxf6+ Kh6 38. fxe7 Rxa7 39.
e8=Q Rg7+ 40. Kh3 Qxe8 41. Bxe8 Rg4 42. Rd6+ Kg7 43. Re1 Rxf4 44. Rxe3 Bf1+
45. Kg3 Rg4+ 46. Kf2 Rf4+ 47. Kg1 Kf8 48. Bh5 Bc4 49. Be2 Ke7 50. Rh6 1-0

[Event "74th Tata Steel GMB"]
[Site "Wijk aan Zee NED"]
[Date "2012.01.17"]
[Round "4"]
[White "Harikrishna,P"]
[Black "Cmilyte,V"]
[Result "1/2-1/2"]
[WhiteElo "2665"]
[BlackElo "2503"]
[EventDate "2012.01.14"]

1. d4 Nf6 2. c4 c5 3. d5 e6 4. Nc3 exd5 5. cxd5 d6 6. Nf3 g6 7. g3 Bg7 8.
Bg2 O-O 9. O-O a6 10. a4 Re8 11. Bf4 Nh5 12. Bg5 Qc7 13. h3 Nd7 14. Rc1 Ne5
15. e4 h6 16. Bd2 Nd3 17. Rb1 c4 18. b3 f5 19. exf5 Qc5 20. f6 Bxf6 21. Ne2
Bf5 22. g4 Nxf2 23. Rxf2 Bxb1 24. b4 Qa7 25. gxh5 Bc2 26. Qxc2 Rxe2 27.
Qxg6+ Bg7 28. Be1 c3 29. Kf1 c2 30. Rxe2 c1=Q 31. Re8+ Rxe8 32. Qxe8+ Bf8
33. Qg6+ Bg7 34. Qe6+ Kf8 35. Qxd6+ Ke8 36. Qe6+ Kf8 37. Qf5+ Kg8 38. Qe6+
Kf8 39. Qd6+ Ke8 40. Qe6+ Kf8 1/2-1/2

[Event "74th Tata Steel GMB"]
[Site "Wijk aan Zee NED"]
[Date "2012.01.17"]
[Round "4"]
[White "Nyzhnyk,I"]
[Black "Potkin,V"]
[Result "1/2-1/2"]
[WhiteElo "2568"]
[BlackElo "2684"]
[EventDate "2012.01.14"]

1. d4 d5 2. c4 c6 3. Nf3 Nf6 4. Nc3 e6 5. g3 dxc4 6. Bg2 Nbd7 7. O-O Be7 8.
e4 O-O 9. Bf4 Nh5 10. Be3 Nhf6 11. a4 e5 12. dxe5 Ng4 13. Bf4 Qa5 14. e6
fxe6 15. Qe2 Nde5 16. Nxe5 Nxe5 17. Bxe5 Qxe5 18. Kh1 Qc5 19. e5 Bd7 20. f4
Rad8 21. Ne4 Qb4 22. Rfc1 Be8 23. Rxc4 Qb3 24. Rc3 Qb4 25. Rc4 Qb3 26. Rc3
Qb4 27. Qc2 Bg6 28. Rb3 Rd2 29. Qxd2 Qxb3 30. Nd6 Rd8 31. a5 Bxd6 32. exd6
Qd3 33. Qxd3 Bxd3 34. Rd1 Bc4 35. Rd4 Bd5 36. Rb4 Rd7 37. Kg1 Kf7 38. Bh3
Kf6 39. Kf2 c5 40. Rb5 Rxd6 41. Rxc5 b6 42. axb6 Rxb6 43. Rc2 e5 44. Rd2
Bf7 45. fxe5+ Kxe5 46. Bg4 Bc4 47. Bd1 a5 48. Ke3 h6 49. Rd4 Bb3 50. Be2 a4
51. Bd3 g5 52. h4 Be6 53. Rxa4 Rxb2 54. Ra5+ Kf6 55. hxg5+ hxg5 1/2-1/2

[Event "74th Tata Steel GMB"]
[Site "Wijk aan Zee NED"]
[Date "2012.01.20"]
[Round "6"]
[White "Ernst,S"]
[Black "Potkin,V"]
[Result "1-0"]
[WhiteElo "2606"]
[BlackElo "2684"]
[EventDate "2012.01.14"]

1. d4 d5 2. c4 c6 3. Nf3 Nf6 4. Nc3 dxc4 5. a4 e6 6. e4 Bb4 7. Bg5 Qa5 8.
e5 Ne4 9. Bd2 Nxd2 10. Qxd2 c5 11. Bxc4 cxd4 12. Qxd4 Nc6 13. Qe3 O-O 14.
O-O Bd7 15. Bd3 Rfd8 16. Qe4 g6 17. Qf4 Bxc3 18. bxc3 Qxc3 19. Qh6 Qxd3 20.
Ng5 Nxe5 21. Rae1 Nf3+ 22. gxf3 Qf5 23. Re4 Bc6 24. Rg4 Bxf3 25. Rg3 Bc6
26. Re1 Rd2 27. Qxh7+ Kf8 28. Nxe6+ fxe6 29. Qh6+ Ke7 30. Qxd2 Rd8 31. Qh6
Rf8 32. Qh4+ Kd7 33. Qd4+ Kc8 34. h3 a6 35. Rc3 Qg5+ 36. Rg3 Qd5 37. Qxd5
exd5 38. a5 Rf6 39. Rg4 Kd7 40. Re5 Kd6 41. Reg5 Be8 42. Rb4 Bc6 43. Rbg4
Be8 44. Rh4 Kc5 45. Rh8 Re6 46. Rh7 Bc6 47. Kf1 Bb5+ 48. Kg2 b6 49. Rc7+
Kd4 50. Rg4+ Ke5 51. Rc1 Kf5 52. Rc3 Kf6 53. Rf4+ Kg5 54. Kg3 bxa5 55. Rc7
Kh6 56. Rh4+ Kg5 57. Rf7 1-0

[Event "74th Tata Steel GMB"]
[Site "Wijk aan Zee NED"]
[Date "2012.01.20"]
[Round "6"]
[White "Bruzon Batista,L"]
[Black "Cmilyte,V"]
[Result "1-0"]
[WhiteElo "2691"]
[BlackElo "2503"]
[EventDate "2012.01.14"]

1. e4 c5 2. Nf3 d6 3. d4 Nf6 4. Nc3 cxd4 5. Nxd4 g6 6. Be3 Bg7 7. f3 O-O 8.
Qd2 Nc6 9. Bc4 Bd7 10. h4 h5 11. O-O-O Ne5 12. Bb3 Rc8 13. Kb1 Nc4 14. Bxc4
Rxc4 15. Nde2 Qc7 16. Bd4 Be6 17. b3 Rc6 18. Nb5 Qd7 19. Bb2 Rfc8 20. c4
Rc5 21. Nxa7 Ra8 22. Nb5 d5 23. cxd5 Rxd5 24. Nbd4 Rd6 25. Qe3 Ne8 26. Rd2
Qd8 27. Rhd1 Qa5 28. Nc3 Bd7 29. Qg5 b5 30. a3 Bf6 31. Qc5 Rc8 32. Qb4 Qxb4
33. axb4 Nc7 34. g3 Bxd4 35. Rxd4 Rxd4 36. Rxd4 Be6 37. Kc2 Na6 38. Bc1 f6
39. Kb2 Rb8 40. Bf4 Rb7 41. Rd8+ Kg7 42. Ka3 Nc5 43. Be3 Nd7 44. f4 Nb8 45.
Bc5 Nc6 46. Ra8 Kf7 47. Ra6 Bd7 48. Kb2 Nb8 49. Ra1 Bc6 50. e5 fxe5 51.
fxe5 Ke6 52. Re1 Nd7 53. Bd4 Bf3 54. Re3 Bg4 55. Ne4 Kd5 56. Bc3 Rb8 57. e6
Bxe6 58. Nf2 Bf5 59. Rxe7 Kd6 60. Re1 Rf8 61. Bd4 Kc6 62. Nd1 Bg4 63. Nc3
Rf3 64. Ra1 Rd3 65. Ra6+ Kb7 66. Rd6 Rxg3 67. Rxg6 Rh3 68. Nxb5 Rxh4 69.
Nd6+ Kc7 70. b5 Rh2+ 71. Ka3 Bf3 72. b6+ Kd8 73. Be3 Ne5 74. Rg7 Rg2 75. b7
1-0

[Event "74th Tata Steel GMB"]
[Site "Wijk aan Zee NED"]
[Date "2012.01.20"]
[Round "6"]
[White "Harikrishna,P"]
[Black "Timman,J"]
[Result "1-0"]
[WhiteElo "2665"]
[BlackElo "2571"]
[EventDate "2012.01.14"]

1. e4 c5 2. Nf3 e6 3. c3 d5 4. e5 Nc6 5. d4 Bd7 6. Be2 f6 7. c4 cxd4 8.
cxd5 Qa5+ 9. Nbd2 Qxd5 10. Bc4 Qc5 11. b4 Qb6 12. O-O O-O-O 13. Bb2 Bxb4
14. Rb1 fxe5 15. Ba3 a5 16. Bc1 Qc7 17. a3 Bc3 18. Ne4 Nce7 19. Qb3 Bc6 20.
Bxe6+ Kb8 21. Nxc3 dxc3 22. Qxc3 Bd5 23. Qxc7+ Kxc7 24. Bb2 Nc6 25. Nxe5
Nge7 26. Bh3 Rhg8 27. Rfc1 b5 28. Bc3 Kb6 29. Nd7+ Ka6 30. Nc5+ Kb6 31.
Nd7+ Ka6 32. Re1 g5 33. Nc5+ Kb6 34. Nd7+ Ka6 35. Nf6 Rg6 36. Bg4 Bc4 37.
Ne4 Nd5 38. Bd2 Nf4 39. Be3 a4 40. Nc5+ 1-0

[Event "74th Tata Steel GMB"]
[Site "Wijk aan Zee NED"]
[Date "2012.01.20"]
[Round "6"]
[White "Lahno,Kateri"]
[Black "Harika,D"]
[Result "1/2-1/2"]
[WhiteElo "2557"]
[BlackElo "2516"]
[EventDate "2012.01.14"]

1. Nf3 d5 2. d4 e6 3. c4 c5 4. cxd5 exd5 5. g3 Nc6 6. Bg2 Nf6 7. O-O Be7 8.
dxc5 Bxc5 9. Nc3 O-O 10. Na4 Be7 11. Be3 Re8 12. Rc1 Bg4 13. Nc5 Qb6 14.
Nb3 Qa6 15. a3 Rac8 16. Re1 Na5 17. Nxa5 Qxa5 18. Nd4 Rxc1 19. Qxc1 Rc8 20.
Qb1 Bf8 21. Rc1 a6 22. h3 Bd7 23. Rxc8 Bxc8 24. Qc1 Qc5 25. Qxc5 Bxc5 26.
Nc2 b6 27. b4 Bxe3 28. Nxe3 Be6 29. f4 Kf8 30. g4 g6 31. Kf2 Ke7 32. f5
gxf5 33. gxf5 d4 34. fxe6 dxe3+ 35. Kxe3 Kxe6 36. Kd4 Kd6 37. Bb7 a5 38.
bxa5 bxa5 39. Kc4 Nd7 40. Kb5 Nc5 41. Bf3 a4 42. Kb4 h6 43. h4 f6 44. Kb5
f5 45. Kb4 Ne6 46. Kxa4 Kc5 47. Ka5 Nd4 48. Ka6 f4 49. Kb7 Kb5 50. h5 Nc2
51. Kc7 Nxa3 52. Kd6 Nc2 53. Ke5 Kc5 54. Kxf4 Kd6 55. Kf5 Ke7 56. Kg6 Ne3
57. Kxh6 Kf6 58. Kh7 Kg5 59. Kg7 Nf5+ 60. Kf7 Kh6 61. Kg8 Kg5 62. Kf8 Ne3
63. Kg7 Nf5+ 64. Kf7 Kh6 65. Bg4 Ne3 66. Bf3 1/2-1/2

[Event "74th Tata Steel GMB"]
[Site "Wijk aan Zee NED"]
[Date "2012.01.21"]
[Round "7"]
[White "Nyzhnyk,I"]
[Black "Vocaturo,D"]
[Result "1-0"]
[WhiteElo "2568"]
[BlackElo "2545"]
[EventDate "2012.01.14"]

1. d4 Nf6 2. c4 c5 3. d5 d6 4. Nc3 g6 5. e4 Bg7 6. Nf3 O-O 7. Be2 e6 8. O-O
Re8 9. Nd2 Na6 10. Re1 Nc7 11. a4 Na6 12. Bf1 Nb4 13. h3 b6 14. a5 bxa5 15.
Nb3 Ba6 16. e5 dxe5 17. d6 Rc8 18. Bg5 Rc6 19. Ne4 h6 20. Bxf6 Bxf6 21.
Nxa5 Rb6 22. Nb3 Bh4 23. Nbxc5 f5 24. Nxa6 fxe4 25. c5 Rxa6 26. Bxa6 Rf8
27. Rxe4 Bxf2+ 28. Kh1 Nc6 29. Qg4 Rf6 30. Bb7 Na5 31. c6 Qf8 32. c7 Nxb7
33. d7 h5 34. Qe2 1-0

[Event "74th Tata Steel GMB"]
[Site "Wijk aan Zee NED"]
[Date "2012.01.21"]
[Round "7"]
[White "Tiviakov,S"]
[Black "Ernst,S"]
[Result "0-1"]
[WhiteElo "2677"]
[BlackElo "2606"]
[EventDate "2012.01.14"]

1. e4 e5 2. Nf3 Nc6 3. Bc4 Nf6 4. d3 Be7 5. O-O O-O 6. Re1 d6 7. a4 Na5 8.
Ba2 c5 9. c3 Qc7 10. Na3 Nc6 11. Nc4 Be6 12. Ng5 Bg4 13. f3 Bd7 14. f4 Bg4
15. Nf3 exf4 16. Bxf4 Rae8 17. Ne3 Be6 18. Nd5 Qd7 19. Qd2 Bd8 20. a5 Bxd5
21. exd5 Rxe1+ 22. Rxe1 Ne7 23. d4 cxd4 24. c4 Ng6 25. Bg3 Nh5 26. Bf2 d3
27. Kh1 Nhf4 28. b4 Qg4 29. Bg3 Qf5 30. Bb1 Bf6 31. Re3 Rc8 32. Bxf4 Qxf4
33. Qxd3 Kf8 34. Ba2 Ne5 35. Qe4 Qxe4 36. Rxe4 Nd3 37. b5 Nf2+ 0-1

[Event "74th Tata Steel GMB"]
[Site "Wijk aan Zee NED"]
[Date "2012.01.21"]
[Round "7"]
[White "Potkin,V"]
[Black "Harikrishna,P"]
[Result "1/2-1/2"]
[WhiteElo "2684"]
[BlackElo "2665"]
[EventDate "2012.01.14"]

1. d4 Nf6 2. c4 e6 3. Nc3 Bb4 4. e3 O-O 5. Bd3 c5 6. Nf3 d5 7. O-O cxd4 8.
exd4 dxc4 9. Bxc4 b6 10. Bg5 Bb7 11. Re1 Nbd7 12. Bd3 Rc8 13. Rc1 Re8 14.
Qe2 Bxc3 15. bxc3 Qc7 16. Bh4 Nh5 17. Ng5 g6 18. Nh3 Qd6 19. Bg5 e5 20. f3
Ng7 21. Qf2 exd4 22. Rxe8+ Rxe8 23. cxd4 Ne6 24. Be3 Nf6 25. Bc4 Nd5 26.
Bxd5 Bxd5 27. Ng5 Nf4 28. Qd2 Nh5 29. Ne4 Qe6 30. Bh6 Nf6 31. Nc3 Bc6 32.
h3 Nd5 33. a3 Nxc3 34. Rxc3 f6 35. Qc1 Qe1+ 36. Qxe1 Rxe1+ 37. Kf2 Re6 38.
d5 Bxd5 39. Rc7 Re8 40. Rg7+ Kh8 41. Rxa7 Ra8 42. Rd7 Bc4 43. Rd6 Rxa3 44.
Rxf6 Ra8 45. Rxb6 Kg8 46. Rb7 Bf7 47. g4 Re8 48. Kg3 Ra8 49. Rc7 Rb8 50.
Rd7 Rc8 51. Kh4 Re8 52. Bd2 Be6 53. Rc7 Rd8 54. Bc3 Rd7 55. Rc8+ Kf7 56.
Rh8 h5 57. Be5 hxg4 58. hxg4 Bd5 59. f4 Be4 60. Kg5 Rd1 61. Rh7+ Ke6 62.
Rh6 Rg1 63. Bd4 Rg2 64. Rh3 Bf5 65. Rh4 Kd5 66. Be5 1/2-1/2

[Event "74th Tata Steel GMB"]
[Site "Wijk aan Zee NED"]
[Date "2012.01.21"]
[Round "7"]
[White "Timman,J"]
[Black "Reinderman,D"]
[Result "0-1"]
[WhiteElo "2571"]
[BlackElo "2581"]
[EventDate "2012.01.14"]

1. e4 c5 2. Nf3 Nc6 3. d4 cxd4 4. Nxd4 Nf6 5. Nc3 e5 6. Ndb5 d6 7. Bg5 a6
8. Na3 b5 9. Nd5 Be7 10. Bxf6 Bxf6 11. c4 b4 12. Nc2 a5 13. g3 O-O 14. h4
Be7 15. Qd3 Be6 16. Bh3 Bxd5 17. Qxd5 Qc7 18. O-O a4 19. Qd3 Qb7 20. Ne3
Nd4 21. Rac1 Ra5 22. Nd5 Bd8 23. f4 b3 24. a3 Qa7 25. Kh1 exf4 26. Rcd1 Nc6
27. gxf4 Bxh4 28. Bf5 Ne7 29. Bxh7+ Kxh7 30. Qh3 Rh8 31. Rd2 Kg8 32. Rh2
Rc5 33. Ne3 Rch5 34. Qf3 Qc5 0-1